书目信息 |
| 题名: |
郦波评说曾国藩家训
|
|
| 作者: | 郦波 著 | |
| 分册: | 下 | |
| 出版信息: | 北京 中国民主法制出版社 2017.05 |
|
| 页数: | 244页 | |
| 开本: | 24cm | |
| 丛书名: | ||
| 单 册: | ||
| 中图分类: | B823.1 | |
| 科图分类: | ||
| 主题词: | 家庭道德--中国--清代 | |
| 电子资源: | ||
| ISBN: | 978-7-5162-1491-6 | |
| 000 | 00834nam0 2200241 450 | |
| 001 | 0120162051343 | |
| 005 | 20180906091116.70 | |
| 010 | @a978-7-5162-1491-6@dCNY29.00,CNY58.00(全2册) | |
| 100 | @a20170614d2017 em y0chiy50 ea | |
| 101 | 0 | @achi |
| 102 | @aCN@b110000 | |
| 105 | @ay z 000yy | |
| 106 | @ar | |
| 200 | 1 | @a郦波评说曾国藩家训@9li bo ping shuo zeng guo fan jia xun@h下@f郦波著 |
| 210 | @a北京@c中国民主法制出版社@d2017.05 | |
| 215 | @a244页@d24cm | |
| 330 | @a本书主要内容包括:从笨小孩到一代大儒、纳妾风波与人生信仰、无一日不读书、贫穷的富豪、曾三戒、最败人的两个字、“八宝饭”与“八本堂”、打脱牙,和血吞等。 | |
| 333 | @a一般读者 | |
| 606 | 0 | @a家庭道德@y中国@z清代 |
| 690 | @aB823.1@v5 | |
| 701 | 0 | @a郦波@9li bo@f(1972-)@4著 |
| 801 | 0 | @aCN@b人天书店@c20170614 |
| 905 | @b1085200-04@dB823.1@e1026:2@f5 | |
| 郦波评说曾国藩家训.下/郦波著.-北京:中国民主法制出版社,2017.05 |
| 244页;24cm |
| 使用对象:一般读者 |
| ISBN 978-7-5162-1491-6:CNY29.00,CNY58.00(全2册) |
| 本书主要内容包括:从笨小孩到一代大儒、纳妾风波与人生信仰、无一日不读书、贫穷的富豪、曾三戒、最败人的两个字、“八宝饭”与“八本堂”、打脱牙,和血吞等。 |
| ● |
| 相关链接 |
|
|
|
|
正题名:郦波评说曾国藩家训
索取号:B823.1/1026:2
 
预约/预借
| 序号 | 登录号 | 条形码 | 馆藏地/架位号 | 状态 | 备注 |
| 1 | 1085200 | 210852004 | 第一样本阅览室/ [索取号:B823.1/1026:2] | 在馆 | |
| 2 | 1085201 | 210852013 | 教育系资料室/ [索取号:B823.1/1026:2] | 在馆 | |
| 3 | 1085202 | 210852022 | 教育系资料室/ [索取号:B823.1/1026:2] | 在馆 | |
| 4 | 1085203 | 210852031 | 第一借阅区/ [索取号:B823.1/1026:2] | 在馆 | |
| 5 | 1085204 | 210852040 | 第一借阅区/ [索取号:B823.1/1026:2] | 在馆 |